Normal view
MARC view
- Qureshi, Hammad Ali (320119)
Entry Personal Name
001 - CONTROL NUMBER
- control field: 118261
003 - CONTROL NUMBER IDENTIFIER
- control field: NUST
005 - DATE AND TIME OF LATEST TRANSACTION
- control field: 20230928110035.0
008 - FIXED-LENGTH DATA ELEMENTS
- fixed length control field: 230928|| aca||aabn | a|a d
040 ## - CATALOGING SOURCE
- Original cataloging agency: NUST
- Transcribing agency: NUST
100 ## - HEADING--PERSONAL NAME
- Personal name: Qureshi, Hammad Ali (320119)
670 ## - SOURCE DATA FOUND
- Source citation: Work cat.: (NUST)603228: Qureshi, Hammad Ali (320119), A Tunable LCL Resonant Immittance Network Based Triple-Active-Bridge Converter Utilizing a Hybrid Modulation Scheme for Wide-Range High-Efficiency Operation /, 2023
